000 00302nam a22001337a 4500
008 181224b xxu||||| |||| 00| 0 eng d
020 _a9780534533526
041 _aeng
080 _a371
100 _a46
101 _aEDU
245 _aYour Guide to College Success
_cSantrock,J.W
942 _2udc
_cBK
999 _c53720
_d53720